College Quizbowl Stats
College Quizbowl Stats
Circuits
Seasons
Sets
Records
Detailed Stats
About
Loading...
2024 ACF Regionals @ Vanderbilt
Tossups
Bonuses
Players
Teams
Categories (Tossup)
Categories (Bonus)
Kevin Ou
Vanderbilt B
Categories
Category
Powers
Gets
Negs
BBs
Points
Earliest Buzz
Avg. Buzz
First Buzzes
Top 3 Buzzes
Fine Arts - Classical Music
0
1
0
0
10
134
134.00
0
0
Fine Arts - Other Fine Arts
0
1
0
0
10
75
75.00
0
1
Science - Other Science
0
1
0
0
10
115
115.00
0
1
Science - Physics
0
1
0
1
10
134
134.00
0
1
Religion
0
0
1
0
-5
0.00
0
0
Buzzes
Category
Answer
Value
Buzz Position
Fine Arts - Other Fine Arts
Into the Woods
10
75
Religion
Dragon Boat Festival
-5
110
Science - Other Science
parallelism
10
115
Science - Physics
magnetic flux
10
134
Fine Arts - Classical Music
symphonies by Franz Joseph Haydn
10
134
Previous
1
Next